[Event "17th Reykjavik op"]
[Site "Reykjavik ISL"]
[Date "1996.03.07"]
[Round "6.18"]
[White "Bjarnason, Saevar"]
[Black "Einarsson, Bergsteinn"]
[Result "0-1"]
[WhiteElo "2305"]
[BlackElo "2175"]
[EventDate "1996.03.02"]
[PlyCount "98"]

1.c4 Nf6 2.g3 e6 3.Bg2 d5 4.Nf3 Be7 5.O-O O-O 6.d4 b6 7.Ne5 Bb7 8.Nc3 c5 
9.dxc5 bxc5 10.Bf4 Ne4 11.cxd5 Nxc3 12.bxc3 Bxd5 13.Bxd5 exd5 14.Qb3 f6 
15.Nf3 Qd7 16.Rfd1 c4 17.Qc2 Nc6 18.e4 Qg4 19.Nd4 Ne5 20.Bxe5 fxe5 21.Nf5 
Rxf5 22.exf5 Qf3 23.Rab1 Bc5 24.Rd2 Rd8 25.Qd1 Qxf5 26.Rb5 Bb6 27.Qe2 e4 
28.Kg2 Rd6 29.f3 e3 30.Rd1 a6 31.Rb2 Rh6 32.Rdb1 Qh5 33.Kh1 Bc7 34.Qxe3 
Bxg3 35.Rb8+ Bxb8 36.Rxb8+ {[#] DT-DT: K@DT: nigstreibjagd mit negativem 
Ausgang} 36...Kf7 37.Rb7+ Kg8 ( 37...Kf6 38.Qf4+ Ke6 {und wenigstens remis
} ) 38.Rb8+ Kf7 39.Qe8+ Kf6 40.Qf8+ Kg5 41.Qxg7+ Qg6 42.Qe5+ Qf5 43.f4+ ( 
43.Qg3+ $5 Kh5 44.Rf8 Qb1+ 45.Qg1 $10 ( 45.Kg2 Rg6 $19 ) ) 43...Kg4 44.
Qe2+ Kh4 45.Qe1+ Kg4 46.Rb2 $2 ( 46.Qg3+ $1 Kh5 47.Re8 Rg6 ( 47...Qb1+ 48.
Re1 $18 ) 48.Re5 Rxg3 ( 48...Qxe5 49.Qh3# ) 49.Rxf5+ Kg6 50.Rxd5 Rxc3 $10 
) 46...Qe4+ 47.Rg2+ ( 47.Qxe4 dxe4 $17 ) 47...Kf5 48.Qg3 Rg6 49.Qh3+ Kf6 
0-1

[Event "17th Reykjavik op"]
[Site "Reykjavik ISL"]
[Date "1996.03.07"]
[Round "6.21"]
[White "Sigurjonsson, Stefan Thor"]
[Black "Gunnarsson, Arinbjorn"]
[Result "0-1"]
[WhiteElo "2125"]
[BlackElo "2220"]
[EventDate "1996.03.02"]
[PlyCount "74"]

1.e4 e5 2.Nf3 Nc6 3.d4 exd4 4.Nxd4 Qh4 5.Qd3 Nf6 6.Nxc6 dxc6 7.Nd2 Bc5 8.
g3 Qh5 9.Bg2 Bh3 10.O-O Ng4 11.Nf3 Rd8 12.Qe2 Bxg2 13.Kxg2 Nxh2 14.Rh1 
Qxf3+ 15.Qxf3 Nxf3 16.Kxf3 O-O 17.Be3 Bxe3 18.Kxe3 Rd6 19.Rad1 Rfd8 20.
Rxd6 cxd6 21.Kd4 h6 22.f4 f6 23.g4 Kf7 24.Rh3 d5 25.e5 Re8 26.Re3 fxe5+ 
27.fxe5 Ke6 28.Rf3 Re7 29.Rf8 Rf7 30.Re8+ Kd7 31.Rb8 Kc7 32.Ra8 Rf4+ 33.
Kd3 Rxg4 34.Rf8 Re4 35.Rf7+ Kb6 36.Rxg7 Rxe5 37.c3 Rh5 0-1

[Event "17th Reykjavik op"]
[Site "Reykjavik ISL"]
[Date "1996.03.07"]
[Round "6.22"]
[White "Pinkus, Lutz"]
[Black "Thorarinsson, Pall"]
[Result "1/2-1/2"]
[WhiteElo "2185"]
[BlackElo "2065"]
[EventDate "1996.03.02"]
[PlyCount "145"]

1.e4 c5 2.c3 d5 3.exd5 Qxd5 4.d4 Nf6 5.Nf3 e6 6.Be2 cxd4 7.cxd4 Be7 8.Nc3 
Qd6 9.Ne5 O-O 10.O-O Nc6 11.Nb5 Qd8 12.Bf4 Nb4 13.Bf3 Nbd5 14.Bd2 b6 15.
Nc6 Qd7 16.Rc1 Ba6 17.Nxe7+ Qxe7 18.Qa4 Bxb5 19.Qxb5 h6 20.Rfe1 Qb7 21.Rc4
Rac8 22.Rec1 Rxc4 23.Qxc4 Qb8 24.g4 Nf4 25.Qc7 N6d5 26.Qxb8 Rxb8 27.Bxf4 
Nxf4 28.Rc7 a5 29.h4 g5 30.hxg5 hxg5 31.Rc6 Kg7 32.Kf1 Nd3 33.Be2 Nb4 34.
Rc7 Rd8 35.a3 Nd5 36.Rc6 Rb8 37.Bb5 Ne7 38.Rc7 Nd5 39.Rc6 Nf4 40.f3 Kf6 
41.Kf2 Kg7 42.a4 Nd5 43.Bc4 Ne7 44.Rd6 Rc8 45.b3 Rc6 46.Rd7 Ng6 47.Ke3 Nf4
48.Kd2 Rc8 49.Rd6 Rb8 50.Ke3 Kf6 51.Rc6 Ke7 52.Ke4 Kd7 53.Bb5 Ke7 54.Rc7+ 
Kf6 55.Bc4 Kg7 56.Ke5 Rd8 57.Rc6 Ng6+ 58.Ke4 Rb8 59.Rd6 Nf4 60.d5 exd5+ 
61.Bxd5 Re8+ 62.Kd4 Re1 63.Be4 Ne6+ 64.Ke5 Nc5 65.Kf5 Nxb3 66.Rxb6 Nc5 67.
Rb5 Nxa4 68.Rxa5 Nc3 69.Re5 Re3 70.Re7 Nd5 71.Rxf7+ Kxf7 72.Bxd5+ Kg7 73.
Be4 1/2-1/2

[Event "17th Reykjavik op"]
[Site "Reykjavik ISL"]
[Date "1996.03.07"]
[Round "6.24"]
[White "Andreasen, Per"]
[Black "Gunnarsson, Arnar"]
[Result "1-0"]
[WhiteElo "2325"]
[BlackElo "2130"]
[EventDate "1996.03.02"]
[PlyCount "109"]

1.c4 e5 2.Nc3 Nf6 3.Nf3 Nc6 4.e3 Bb4 5.Nd5 Ba5 6.a3 e4 7.Ng1 d6 8.Qc2 O-O 
9.b4 Bb6 10.Bb2 Nxd5 11.cxd5 Ne7 12.Qxe4 Bf5 13.Qc4 c6 14.Qc3 f6 15.dxc6 
Nxc6 16.Bd3 Qd7 17.Bxf5 Qxf5 18.Ne2 Qb5 19.d4 Rfe8 20.Rd1 a5 21.Qb3+ d5 
22.Nc3 Qc4 23.Qxc4 dxc4 24.Nd5 Bd8 25.b5 Ne7 26.Nxe7+ Bxe7 27.Rc1 a4 28.
Rxc4 Ra5 29.Bc1 Kf8 30.Bd2 Rxb5 31.Bb4 Bxb4+ 32.axb4 Ra8 33.Kd2 a3 34.Kc3 
Rb6 35.Ra1 a2 36.Rc5 Ra3+ 37.Kb2 Ra4 38.b5 Ra5 39.Rxa2 Raxb5+ 40.Rxb5 
Rxb5+ 41.Kc2 Rb6 42.Rb2 Rc6+ 43.Kd3 Ra6 44.Ke4 Ra7 45.Rc2 Ra8 46.h4 Re8+ 
47.Kd3 Re7 48.e4 Ke8 49.f4 Kd7 50.e5 g6 51.Ke4 Re6 52.Rb2 Kc7 53.d5 Ra6 
54.d6+ Kc8 55.Kd5 1-0

[Event "17th Reykjavik op"]
[Site "Reykjavik ISL"]
[Date "1996.03.07"]
[Round "6.26"]
[White "Gustafson, Dale"]
[Black "Edvardsson, Kristjan"]
[Result "1-0"]
[WhiteElo "2090"]
[BlackElo "2190"]
[EventDate "1996.03.02"]
[PlyCount "91"]

1.e4 c5 2.Nc3 Nc6 3.g3 g6 4.Bg2 Bg7 5.d3 e6 6.Be3 d6 7.Qd2 Rb8 8.f4 Nge7 
9.Nf3 Nd4 10.Bxd4 cxd4 11.Nb5 Nc6 12.O-O a6 13.Na3 O-O 14.Rad1 Qc7 15.h4 
f5 16.exf5 gxf5 17.Ng5 Rf6 18.Qe2 h6 19.Nh3 b5 20.Nb1 Bb7 21.a3 Kh8 22.Nd2
Rg8 23.Qh5 Bf8 24.Ng5 Rgg6 25.Rf2 Kg7 26.Ndf3 e5 27.Re2 Qd7 28.Kf2 Kg8 29.
Bh3 Qg7 30.Rg1 Bc8 31.Bg2 Qc7 32.Rge1 Bb7 33.Bh3 Qg7 34.Rg1 Qh8 35.Bxf5 
Rxg5 36.hxg5 hxg5 37.Qxg5+ Kf7 38.g4 exf4 39.Be4 Be7 40.Qh5+ Qxh5 41.gxh5 
Rh6 42.Bg6+ Kf8 43.Rg4 Bf6 44.Rxf4 Kg7 45.Re6 Ne5 46.Nxe5 1-0

[Event "17th Reykjavik op"]
[Site "Reykjavik ISL"]
[Date "1996.03.07"]
[Round "6.27"]
[White "Berg, Bo"]
[Black "Briem, Stefan"]
[Result "0-1"]
[WhiteElo "2085"]
[BlackElo "2180"]
[EventDate "1996.03.02"]
[PlyCount "78"]

1.e4 e5 2.Nf3 Nc6 3.d4 exd4 4.Bc4 Nf6 5.Ng5 d5 6.exd5 Na5 7.Bb5+ c6 8.dxc6
bxc6 9.Qf3 Qd5 10.Be2 h6 11.Qxd5 Nxd5 12.Bd2 hxg5 13.Bxa5 Bb4+ 14.Bxb4 
Nxb4 15.Na3 Bf5 16.O-O-O O-O-O 17.g4 Be4 18.f3 Bg6 19.Bc4 Rh3 20.Rdf1 d3 
21.c3 Nd5 22.Ba6+ Kc7 23.Nc4 Re8 24.Rf2 Nf4 25.Kd2 f6 26.b3 Re2+ 27.Rxe2 
dxe2 28.Ne3 Rxf3 29.Bc4 Be4 30.Re1 Rf2 31.h3 Bf3 32.h4 gxh4 33.Nf5 Bxg4 
34.Nd4 h3 35.Ke3 Rf1 36.Rxf1 exf1=Q 37.Bxf1 h2 38.Kxf4 h1=Q 39.Bc4 Qh3 0-1

[Event "17th Reykjavik op"]
[Site "Reykjavik ISL"]
[Date "1996.03.07"]
[Round "6.28"]
[White "Halldorsson, Jon Arni"]
[Black "Schmied, Andreas"]
[Result "1/2-1/2"]
[WhiteElo "2160"]
[BlackElo "2155"]
[EventDate "1996.03.02"]
[PlyCount "57"]

1.d4 Nf6 2.Nf3 g6 3.Bg5 Bg7 4.Nbd2 d5 5.e3 O-O 6.b4 Nbd7 7.Bd3 c6 8.O-O h6
9.Bh4 g5 10.Bg3 Nh5 11.c4 Nxg3 12.hxg3 f5 13.Qc2 e6 14.cxd5 cxd5 15.Rac1 
Nf6 16.Qc7 Qxc7 17.Rxc7 Rf7 18.Rfc1 Rxc7 19.Rxc7 Ne8 20.Rc2 Bd7 21.Ne5 
Bxe5 22.dxe5 Rc8 23.Rxc8 Bxc8 24.Bb5 Nc7 25.Be2 Bd7 26.g4 Bb5 27.Bxb5 Nxb5
28.gxf5 exf5 29.Nb3 1/2-1/2

[Event "17th Reykjavik op"]
[Site "Reykjavik ISL"]
[Date "1996.03.07"]
[Round "6.29"]
[White "Thorfinnsson, Bragi"]
[Black "Thorfinnsson, Bjoern"]
[Result "1/2-1/2"]
[WhiteElo "2155"]
[BlackElo "2060"]
[EventDate "1996.03.02"]
[PlyCount "22"]

1.d4 Nf6 2.c4 e6 3.Nc3 Bb4 4.e3 d5 5.cxd5 exd5 6.Bd3 c5 7.Ne2 cxd4 8.exd4 
O-O 9.a3 Be7 10.O-O Nc6 11.b4 a6 1/2-1/2

[Event "17th Reykjavik op"]
[Site "Reykjavik ISL"]
[Date "1996.03.07"]
[Round "6.30"]
[White "Werner, Bernd-Michael"]
[Black "Burden, James"]
[Result "1-0"]
[WhiteElo "2165"]
[BlackElo "2185"]
[EventDate "1996.03.02"]
[PlyCount "96"]

1.e4 c5 2.c4 Nc6 3.Nc3 g6 4.g3 Bg7 5.Bg2 e5 6.Nge2 Nge7 7.O-O O-O 8.d3 d6 
9.Rb1 f5 10.a3 Be6 11.Nd5 Qd7 12.b4 Rae8 13.Be3 b6 14.Qd2 Nd4 15.Nxd4 exd4
16.Bf4 Nc6 17.bxc5 bxc5 18.Rfe1 Ne5 19.Bxe5 dxe5 20.exf5 Bxf5 21.Rb7 Qa4 
22.Ne7+ Kh8 23.Nxf5 Rxf5 24.Be4 Rf6 25.Qb2 Ref8 26.f3 Bh6 27.Kg2 Qa5 28.
Re2 Rb6 29.Rxb6 axb6 30.Qb3 Bc1 31.Bc6 Rf6 32.Bd5 Be3 33.Be4 g5 34.a4 Qa7 
35.Qb5 Qf7 36.h3 h5 37.Qa6 Kg7 38.Qc8 Qa7 39.Qe8 h4 40.gxh4 gxh4 41.Kh1 
Bf4 42.Qh5 Qxa4 43.Qxh4 Qd1+ 44.Re1 Qd2 45.Rg1+ Kf7 46.Bd5+ Ke8 47.Rg8+ 
Rf8 48.Rxf8+ Kxf8 1-0

[Event "17th Reykjavik op"]
[Site "Reykjavik ISL"]
[Date "1996.03.08"]
[Round "7.1"]
[White "Stefansson, Hannes Hlifar"]
[Black "Tisdall, Jonathan"]
[Result "1/2-1/2"]
[WhiteElo "2540"]
[BlackElo "2510"]
[EventDate "1996.03.02"]
[PlyCount "117"]

1.e4 e5 2.Nf3 Nc6 3.Bb5 a6 4.Ba4 Nf6 5.O-O Be7 6.Re1 b5 7.Bb3 d6 8.c3 O-O 
9.h3 Na5 10.Bc2 c5 11.d4 Qc7 12.Nbd2 cxd4 13.cxd4 Nc6 14.Nb3 a5 15.Be3 a4 
16.Nbd2 Bd7 17.Rc1 Qb7 18.a3 Rfe8 19.Bd3 exd4 20.Nxd4 Ne5 21.Bb1 Bd8 22.
N4f3 h6 23.Bd4 Ba5 24.Re3 Bc6 25.Qe2 Nh5 26.g3 Nf6 27.b4 axb3 28.Nxb3 
Nxf3+ 29.Qxf3 Bd8 30.Nd2 Ra4 31.Bb2 Qd7 32.Bc2 Ra6 33.Bb3 Bb7 34.h4 d5 35.
exd5 Rxe3 36.Qxe3 Nxd5 37.Qd3 Rg6 38.Nf3 Rd6 39.Be5 Nf4 40.Qxd6 Qxd6 41.
Bxd6 Ne2+ 42.Kf1 Nxc1 43.Bd1 Bd5 44.Ne5 Bb6 45.h5 Bd4 46.Bc2 f6 47.Ng6 
Bc4+ 48.Kg2 Nd3 49.Bxd3 Bxd3 50.Nf4 Bc4 51.g4 Kf7 52.Kf3 Bb3 53.Kg3 Bc2 
54.Ne2 Bb2 55.Bb4 Bd3 56.Nc3 f5 57.f3 fxg4 58.fxg4 Ke6 59.a4 1/2-1/2

[Event "17th Reykjavik op"]
[Site "Reykjavik ISL"]
[Date "1996.03.08"]
[Round "7.3"]
[White "Agdestein, Simen"]
[Black "Hjartarson, Johann"]
[Result "1-0"]
[WhiteElo "2585"]
[BlackElo "2570"]
[EventDate "1996.03.02"]
[PlyCount "81"]

1.d4 Nf6 2.c4 e6 3.Nc3 Bb4 4.Qb3 c5 5.dxc5 Nc6 6.Bg5 h6 7.Bh4 g5 8.Bg3 Ne4
9.e3 Bxc3+ 10.bxc3 Qa5 11.Bd3 Nxg3 12.hxg3 Qxc5 13.Nf3 b6 14.Qb5 Qa3 15.
Qb3 Qc5 16.Qb5 Qa3 17.Qb3 Qe7 18.Rh5 f6 19.Ke2 Bb7 20.Rah1 O-O-O 21.Rxh6 
Rxh6 22.Rxh6 f5 23.Kf1 Kb8 24.Rh5 g4 25.Nd4 Ne5 26.Be2 Rc8 27.Qa4 Qf7 28.
Rh6 Qg7 29.Rh4 Rc5 30.Nb5 Nc6 31.Qd1 d5 32.cxd5 Rxd5 33.Qa4 a6 34.Nd4 Nxd4
35.Qe8+ Ka7 36.cxd4 Qc7 37.Kg1 Ra5 38.Qxe6 Qc2 39.Bc4 Ra4 40.Bb3 Qc1+ 41.
Kh2 1-0

[Event "17th Reykjavik op"]
[Site "Reykjavik ISL"]
[Date "1996.03.08"]
[Round "7.4"]
[White "Van der Sterren, Paul"]
[Black "Gretarsson, Helgi Ass"]
[Result "1/2-1/2"]
[WhiteElo "2535"]
[BlackElo "2450"]
[EventDate "1996.03.02"]
[PlyCount "120"]

1.d4 d5 2.c4 c6 3.Nf3 Nf6 4.Nc3 dxc4 5.a4 Na6 6.e3 Bg4 7.Bxc4 e6 8.h3 Bh5 
9.O-O ( 9.g4 $5 Bg6 10.Bxa6 bxa6 11.Ne5 Bd6 {(=Cernin)} 12.Nxg6 hxg6 13.
Qf3 $14 {; siehe des weiteren Z. Ribli, D 16-19, Slovenska odbrana, unter 
D 16/5, Fu@, note 27.} ) 9...Be7 ( 9...Nb4 {ist sicher genauer.} ) 10.Be2 
( 10.g4 Bg6 11.Bxa6 bxa6 12.Ne5 {scheint mir mehr zu versprechen; der 
Textzug sieht etwas schlapp aus.} ) ( 10.Qe2 Nb4 11.Rd1 {fuehrt zu der von
Z. Ribli im oben zitierten Werk unter D 16/5 angegebenen Hauptvariante; 
Wei@variante; hat leichten Vorteil.} ) 10...Nb4 11.a5 ( 11.Ne5 Bxe2 12.
Qxe2 O-O 13.Rd1 {lenkt in die Partie Gheorghiu-Ivkov, Badeb-Baden 1981, 
ueber; nach} 13...c5 14.dxc5 Qc7 {hatte Schwarz nichts zu befuerchten. Der
Textzug verspricht indessen auch keinen Vorteil.} ) 11...O-O 12.Bd2 c5 13.
Qb3 cxd4 14.exd4 Qb8 {Dieser Zug soll wohl dazu dienen, den Bauern auf b7 
zu decken; er sieht aber sehr gekuenstelt aus. Ich gebe einige andere 
Ideen an:} ( 14...Rc8 15.Ra4 Nc6 16.Qxb7 Rc7 ( 16...Bxf3 17.Bxf3 Nxd4 18.
Be3 Nxf3+ 19.Qxf3 $14 ) 17.Qa6 Bxf3 ( 17...Nb4 18.Qb5 a6 19.Qe5 Bd6 20.Qe3
{bringt dem Schwarzen nichts.} ) 18.Bxf3 Nxd4 19.Bd1 e5 {mit unklarer 
Lage.} ) ( 14...Bg6 15.Rfc1 Nd3 16.Bxd3 Bxd3 17.Qxb7 a6 $13 ) 15.Bg5 Nc6 
16.Rfd1 Rd8 17.Bxf6 ( 17.Qa4 $5 ) 17...Bxf6 18.d5 Bxf3 19.Bxf3 Nd4 20.Rxd4
Bxd4 21.dxe6 fxe6 22.Qxe6+ ( 22.Bxb7 Kh8 23.a6 Qf4 24.Bxa8 Qxf2+ 25.Kh1 
Rxa8 $15 ) 22...Kh8 23.a6 bxa6 24.Bxa8 Qxb2 25.Rf1 Qxc3 $10 26.Bf3 Qc8 27.
Re1 Qxe6 28.Rxe6 a5 29.Bc6 Kg8 30.Re8+ Rxe8 31.Bxe8 Kf8 32.Ba4 Ke7 33.Kf1 
Kd6 34.Ke2 Kc5 35.f4 Kb4 36.Be8 Kc3 37.Bd7 h6 38.Be8 Bc5 39.Bd7 Bb6 40.Be8
Bc5 41.Bd7 Bd4 42.Be8 Bf6 43.Bd7 Kb3 44.Be6+ Kc3 45.Bd7 Kb3 46.Be6+ Ka3 
47.Kd3 a4 48.Kc2 Bh4 49.Bf7 Bg3 50.f5 Be5 51.Be6 Bf6 52.Bf7 a5 53.Bg8 Kb4 
54.Kd3 h5 55.Bf7 h4 56.Bg8 a3 57.Ba2 a4 58.Kc2 Be5 59.Kd3 Bc7 60.Kc2 Bb6 
1/2-1/2

[Event "17th Reykjavik op"]
[Site "Reykjavik ISL"]
[Date "1996.03.08"]
[Round "7.13"]
[White "Einarsson, Bergsteinn"]
[Black "Ulfarsson, Magnus Oern"]
[Result "0-1"]
[WhiteElo "2175"]
[BlackElo "2290"]
[EventDate "1996.03.02"]
[PlyCount "120"]

1.d4 Nf6 2.c4 e6 3.Nc3 Bb4 4.e3 c5 5.Bd3 Nc6 6.Ne2 cxd4 7.exd4 d5 8.a3 
dxc4 9.Bxc4 Bd6 10.O-O O-O 11.Qd3 b6 12.Rd1 Bb7 13.Qh3 Re8 14.Bd3 g6 15.
Bg5 Be7 16.Nf4 Nd5 17.Bh6 Nxf4 18.Bxf4 Bg5 19.Be5 Qe7 20.Ne4 Nxe5 21.dxe5 
Bxe4 22.Bxe4 Rac8 23.Qg3 Rc4 24.Bd3 Rd4 25.Bb5 Red8 26.Rxd4 Rxd4 27.Qc3 
Qd8 28.g3 h5 29.Qc6 Kg7 30.Rf1 Rd2 31.Qc3 h4 32.Bc6 a5 33.b3 Be7 34.a4 Bc5
35.Be4 Qg5 36.Kg2 Bd4 37.Qf3 Bxe5 38.Rd1 hxg3 39.hxg3 Bxg3 40.Rxd2 Bf4+ 
41.Kf1 Bxd2 42.Bc6 Qf4 43.Qxf4 Bxf4 44.f3 Kh6 45.Kf2 Kg5 46.Kg2 Bd6 47.Kf2
Bf4 48.Kg2 f6 49.Bd7 e5 50.Be8 Bd2 51.Kf2 Kf5 52.Ke2 Bc1 53.Kd3 g5 54.Bc6 
Kf4 55.Ke2 f5 56.Bd5 Be3 57.Bc6 Bc5 58.Bd5 g4 59.fxg4 Kxg4 60.Kf1 e4 0-1

[Event "17th Reykjavik op"]
[Site "Reykjavik ISL"]
[Date "1996.03.08"]
[Round "7.14"]
[White "Van der Werf, Mark"]
[Black "Berg, Emanuel"]
[Result "1-0"]
[WhiteElo "2400"]
[BlackElo "2180"]
[EventDate "1996.03.02"]
[PlyCount "55"]

1.d4 e6 2.c4 Nf6 3.Nc3 Bb4 4.e3 c5 5.Ne2 d6 6.a3 Ba5 7.g3 O-O 8.Bg2 Nbd7 
9.O-O Rb8 10.Nb5 Nb6 11.Nxa7 Nxc4 12.b3 Nb6 13.b4 Bd7 14.bxa5 Na4 15.dxc5 
dxc5 16.a6 Qb6 17.axb7 Qxa7 18.Nf4 Bb5 19.Re1 Rfd8 20.Qb3 Qa5 21.Rd1 e5 
22.Rxd8+ Rxd8 23.Bd2 Qxd2 24.Qxb5 Nc3 25.Qb6 Nd1 {} 26.Nd3 $1 ( 26.Ra2 $5
Qe1+ 27.Bf1 Rb8 28.Qc7 Nd7 29.Qxd7 $18 ) 26...Qxd3 ( 26...Rf8 27.b8=Q Nd7 
28.Qxf8+ Nxf8 29.Qb3 $18 ) 27.b8=Q Rf8 ( 27...Rxb8 28.Qxb8+ ) 28.Q6d6 1-0

[Event "17th Reykjavik op"]
[Site "Reykjavik ISL"]
[Date "1996.03.08"]
[Round "7.15"]
[White "Gunnarsson, Arinbjorn"]
[Black "Gulko, Anna"]
[Result "1-0"]
[WhiteElo "2220"]
[BlackElo "2385"]
[EventDate "1996.03.02"]
[PlyCount "133"]

1.e4 d6 2.c4 c5 3.Ne2 g6 4.d4 Nd7 5.Nbc3 Bg7 6.Be3 b6 7.Qd2 Bb7 8.f3 a6 9.
Ng3 h5 10.Be2 Ngf6 11.O-O h4 12.Nh1 Qb8 13.Nf2 cxd4 14.Bxd4 Bc6 15.Nd5 Qb7
16.Rac1 Bh6 17.Be3 Bxe3 18.Qxe3 Kf8 19.Rc2 Re8 20.Rfc1 Kg7 21.Qc3 Kh7 22.
Qd4 a5 23.b3 Qb8 24.Nd1 Nh5 25.N1e3 e5 26.Qd2 Nc5 27.Ng4 Kg7 28.Qg5 Bxd5 
29.cxd5 Qd8 30.Qxd8 Rxd8 31.Ne3 Rb8 32.Bb5 Rhd8 33.Kf2 Kf6 34.g3 hxg3+ 35.
hxg3 Kg5 36.Rh1 Kf6 37.Rc3 Ke7 38.a3 Nf6 39.Kg2 Ra8 40.g4 Rdc8 41.Rhc1 Rd8
42.b4 axb4 43.axb4 Na6 44.Rc4 Ne8 45.Bc6 Rab8 46.Ra1 Nec7 47.b5 Nc5 48.Ra7
Rdc8 49.Rc3 Kf6 50.Nc4 Ke7 51.g5 Nd7 52.Bxd7 Kxd7 53.Nxd6 Kxd6 54.Rc6+ Kd7
55.d6 Ra8 56.Raxc7+ Rxc7 57.dxc7 Rc8 58.Rxb6 Rxc7 59.Rf6 Kc8 60.Kg3 Rb7 
61.b6 Kd8 62.f4 exf4+ 63.Kxf4 Re7 64.Rc6 Rd7 65.Ke5 Re7+ 66.Kd5 Rb7 67.Ke5
1-0

[Event "17th Reykjavik op"]
[Site "Reykjavik ISL"]
[Date "1996.03.08"]
[Round "7.17"]
[White "Gunnarsson, Jon Viktor"]
[Black "Olsen, Heini"]
[Result "1/2-1/2"]
[WhiteElo "2180"]
[BlackElo "2325"]
[EventDate "1996.03.02"]
[PlyCount "145"]

1.d4 f5 2.c4 Nf6 3.g3 g6 4.Bg2 Bg7 5.Nc3 O-O 6.Nf3 d6 7.O-O c6 8.d5 e5 9.
dxe6 Bxe6 10.Qd3 Na6 11.Bf4 Ne4 $5 12.Nxe4 fxe4 13.Qxe4 Bf5 $5 ( 13...Nc5 
) 14.Qe3 Qb6 15.Qxb6 axb6 16.Bxd6 Rfe8 17.Nh4 Bg4 18.e3 Be2 19.Rfe1 Bxc4 
20.Bf1 Bd5 21.Red1 Nc5 22.Bxc5 bxc5 23.Rd2 Rxa2 24.Rxa2 Bxa2 25.b4 Bd5 26.
bxc5 Bf8 27.Rc2 Ra8 28.Ng2 Ra1 29.Nf4 Be4 30.Rc4 Bf3 31.e4 Bh6 32.Rc3 Bxe4
33.Re3 Bf5 34.Kg2 Rc1 35.Re8+ Kf7 36.Rb8 Bxf4 37.gxf4 Be4+ 38.f3 Bxf3+ 39.
Kf2 Bd5 40.Rxb7+ Kg8 41.Rb8+ Kg7 42.Rb7+ Kh6 43.Bd3 Rxc5 44.Ke3 Rc1 45.Kd4
Rd1 46.Ke3 Rh1 47.Rb2 Kh5 48.Rf2 Re1+ 49.Kd4 Be6 50.Kc5 Bf5 51.Bxf5 gxf5 
52.Rg2 h6 53.Kxc6 Re4 54.Kd5 Kh4 55.Rg3 h5 56.Rg2 Rxf4 57.Ke5 Rf3 58.Rg6 
Rf2 59.Rg8 Rxh2 60.Kxf5 Rf2+ 61.Ke4 Kh3 62.Ke3 Rf7 63.Ke2 h4 64.Ke1 Kh2 
65.Ke2 h3 66.Rg6 Ra7 67.Kf2 Ra2+ 68.Kf1 Rg2 69.Rh6 Rg5 70.Kf2 Rf5+ 71.Ke2 
Kg2 72.Rg6+ Kh1 73.Rh6 1/2-1/2

[Event "17th Reykjavik op"]
[Site "Reykjavik ISL"]
[Date "1996.03.08"]
[Round "7.19"]
[White "Yoos, John"]
[Black "Gustafson, Dale"]
[Result "1-0"]
[WhiteElo "2345"]
[BlackElo "2090"]
[EventDate "1996.03.02"]
[PlyCount "164"]

1.e4 e5 2.f4 d5 3.exd5 c6 4.Nc3 exf4 5.Nf3 Nf6 6.d4 Bd6 7.Qe2+ Qe7 8.Qxe7+
Kxe7 9.Ne5 {Eine sichere Fortsetzung. Wei@etzung. ist bemueht, seine 
Postionen im Zentrum zu behaupten. Es droht 10.ixf4.} 9...Nxd5 ( 9...Bf5 
$2 10.Bxf4 Bxc2 11.Kd2 $16 ) 10.Nxd5+ cxd5 11.Bxf4 Be6 $6 ( 11...Nc6 12.
O-O-O ( 12.Nxc6+ bxc6 13.Bxd6+ Kxd6 14.Bd3 Re8+ 15.Kd2 h6 16.Rhf1 Be6 17.
b3 Rab8 18.Rab1 Rb7 19.Rbd1 a5 20.a4 Rb4 21.Kc3 Bg4 22.Rde1 Rxe1 23.Rxe1 
Be6 24.Re3 c5 25.dxc5+ Kxc5 26.Rf3 Rg4 {E-E Reitz,H-Radeski,W/corr(T/14-F)
1982} ) 12...Be6 ( 12...f6 13.Nxc6+ bxc6 14.Re1+ Be6 15.Bxd6+ Kxd6 $14 {
Skrobek-Sydor/POL-ch/1978/} ) 13.c3 Rac8 14.Nxc6+ bxc6 15.Bxd6+ Kxd6 16.
Bd3 c5 17.dxc5+ Kxc5 18.Bc2 a5 19.Rd4 Bd7 20.Rhd1 Bc6 21.b4+ Kb6 22.bxa5+ 
Kxa5 23.Bb3 Rhe8 24.R1d2 Re3 25.Kb2 Kb6 26.c4 dxc4 27.Rxc4 Re7 28.Rdc2 
Rec7 29.Ka3 f5 30.Rb4+ Ka7 31.Rc5 Bb7 32.Ra5+ Ba6 33.Rxf5 Rc5 34.Rf7+ R8c7
35.Rbf4 Bb7 36.g3 Rxf7 37.Rxf7 {Eremenko,A-Kurguz/corr 1982/1-0 (48)} ) ( 
11...f6 $5 12.Nd3 Nc6 $5 13.c3 Re8 14.Kd2 Be6 15.Re1 Rad8 16.Bxd6+ Kxd6 
17.Nc5 Bc8 18.Bd3 b6 19.Nb3 g6 20.Nc1 {E-E 
Fjolnisson,B-Maier,A/corr(WT/M/476) 1989} ) 12.Bb5 $5 {Dies soll den 
Vorposten auf e5 unterstuetzen.} 12...h6 ( 12...f6 $6 13.Nd3 $14 {i0-0,i 
ae1ie6} ) ( 12...Nd7 $140 13.Bxd7 Bxd7 14.O-O Be6 15.Rae1 $36 ) ( 12...a6 
13.Ba4 b5 14.Bb3 {[%csl Yd5] id5} ) 13.O-O-O ( 13.O-O $5 Rc8 14.c3 Nc6 15.
Bxc6 bxc6 16.Rae1 $36 ) 13...Rc8 14.Rhe1 $36 {[%csl Yf7][%cal Ye1e6] Wei@]
steht etwas besser. (Ein gewisse Raumvorteil; der Vorposten e5; 
Entwicklungvorspung). Schwarz verfuegt aber ueber eine recht feste 
Stellung.} 14...a6 15.Ba4 b5 16.Bb3 {[%csl Yd5,Yd7,Yf7,Yg6][%cal 
Ye1e6,Yb3e6] Der Vorposten e5 uebt auf die schwarze Stellung einen starken
Druck aus.} 16...Nc6 ( 16...Kf8 $2 17.Ng6+ $16 ) 17.Bxd5 $5 ( 17.Nd3 $6 
Nxd4 $15 ) ( 17.Nxc6+ Rxc6 $10 ) 17...Bxe5 18.dxe5 ( 18.Rxe5 $6 Nxe5 19.
Bxa8 Ng6 $15 ) 18...Bxd5 19.Rxd5 Nb4 20.Rd2 Nxa2+ 21.Kb1 Nb4 22.e6 $1 {
[%csl Rd6,Rd7] i23.id6, 23.i d7} 22...Rd8 $8 23.exf7+ ( 23.Bd6+ $2 Rxd6 
24.exf7+ Re6 $19 ( 24...Kd7 25.Rxd6+ Kxd6 26.Re8 $18 ) ) 23...Kxf7 24.Rf2 
( 24.Bd6 Nc6 25.Rf2+ Kg8 $14 ) 24...Kg8 25.Bd2 Nc6 ( 25...Nd5 $6 26.Ba5 $5
Re8 27.Rd1 Nf6 28.Rfd2 $14 ) 26.Re6 Rac8 27.Rg6 Kh7 28.Rg3 Rd7 ( 28...a5 
$5 ) 29.b3 ( 29.Ra3 Re8 $5 30.Kc1 ( 30.Rxa6 $2 Rxd2 31.Rxd2 Re1+ 32.Ka2 
Nb4+ $17 ) 30...a5 $132 ) 29...b4 ( 29...a5 $142 ) 30.Rg4 a5 31.Rc4 $14 
Kg8 32.Re2 Kf7 33.Rf2+ Kg6 34.Kc1 Na7 35.Rg4+ Kh7 36.Rf5 Rdc7 37.Rxa5 
Rxc2+ 38.Kd1 R2c7 39.Bxb4 Rd7+ 40.Bd2 Rcd8 41.Ra2 Nb5 42.Rg3 Rf8 43.Ke1 
Rdf7 44.Be3 Re7 45.Rd2 Nc3 46.Rd3 Ne4 47.Rf3 Ra8 48.Rf5 Ra2 49.Kf1 Kg6 50.
Rfd5 Rf7+ 51.Kg1 Rb2 52.R5d4 Re2 53.h3 Re7 54.Bf4 Re1+ 55.Kh2 Nf2 56.Rf3 
Rh1+ 57.Kg3 Ne4+ 58.Kh4 Kh7 59.Bd6 Re6 60.Bb4 Rg1 61.Re3 g5+ 62.Kg4 Nf6+ 
63.Kf3 Rxe3+ 64.Kxe3 Rxg2 65.Bd6 Kg6 66.b4 Rb2 67.Kd3 Rb3+ 68.Kc4 Rxh3 69.
b5 Rh1 70.b6 Nd7 71.b7 Rb1 72.Bb4 Nb8 73.Kb5 ( 73.Rd8 Rc1+ 74.Kb5 Nc6 75.
Rd6+ $18 ) 73...Kf5 74.Rd8 Rxb4+ 75.Kxb4 Nc6+ 76.Kc5 Nxd8 77.b8=Q $18 Ne6+
78.Kd6 Nf4 79.Qc8+ Kg6 80.Qe8+ Kg7 81.Ke7 Ng6+ 82.Ke6 Nf4+ 1-0

[Event "17th Reykjavik op"]
[Site "Reykjavik ISL"]
[Date "1996.03.08"]
[Round "7.20"]
[White "Briem, Stefan"]
[Black "Andreasen, Per"]
[Result "0-1"]
[WhiteElo "2180"]
[BlackElo "2325"]
[EventDate "1996.03.02"]
[PlyCount "164"]

1.e4 g6 2.d4 Bg7 3.f4 c5 4.dxc5 Qa5+ 5.c3 Qxc5 6.Qf3 d6 7.Be3 Qc7 8.Bd3 
Nf6 9.h3 O-O 10.Ne2 Nbd7 11.Nd2 Nc5 12.Bc2 b6 13.g4 Bb7 14.g5 Nh5 15.O-O-O
d5 16.Bxc5 dxe4 17.Bxe4 Bxe4 18.Nxe4 bxc5 19.Rd5 Rfb8 20.Rxc5 Qb6 21.b3 a5
22.Rd1 a4 23.b4 a3 24.Nd2 Rc8 25.Nb3 e6 26.Rd7 Bf8 27.Rxc8 Rxc8 28.Kb1 Qb5
29.Qd3 Qc6 30.Rd4 Ng7 31.Re4 Nf5 32.Na5 Qb6 33.Nc4 Qa6 34.Ne5 Qb6 35.Nd7 
Qf2 36.Kc2 Qe1 37.Kb3 Qa1 38.Qc2 Qh1 39.Kxa3 Nd6 40.Rd4 Nb5+ 41.Kb2 Nxd4 
42.Nxd4 Bxb4 43.cxb4 Rxc2+ 44.Nxc2 {[#] SS-D: Freibauern auf beiden 
Seiten, ab Zug 59 DSS-DD mit zu starken schwarzen Damen und Freibauern, 
wei@auern, e Springer nur Schutzfiguren fuer wK} 44...Qxh3 45.a4 h5 46.
gxh6 Qxh6 47.a5 Qxf4 48.a6 Qc7 49.Nc5 g5 50.Na3 g4 51.Nb5 Qe5+ 52.Kb3 g3 
53.a7 Qd5+ 54.Kc3 g2 55.Nc7 Qe5+ 56.Kc4 Qe2+ 57.Kc3 Qe1+ 58.Kc4 g1=Q 59.
a8=Q+ Kh7 60.Kb5 Qgf1+ 61.Ka5 Qc4 62.N7a6 Qa1+ 63.Na4 Qe5+ 64.N4c5 Qa1+ 
65.Na4 Qaf1 66.Qb7 e5 67.N6c5 Qe1 68.Qb8 Qee2 69.Qb7 e4 70.Qd7 Qf3 71.Qb7 
Qf4 72.Nb6 Qa2+ 73.Kb5 e3 74.Qh1+ Qah2 75.Qb1+ Kh6 76.Nd5 Qb8+ 77.Kc4 e2 
78.Qc1+ Kh5 79.Nd7 Qc8+ 80.Nc5 Qh4+ 81.Kb3 Qg3+ 82.Kb2 Qh8+ 0-1

[Event "17th Reykjavik op"]
[Site "Reykjavik ISL"]
[Date "1996.03.08"]
[Round "7.21"]
[White "Thorsson, Olafur"]
[Black "Bjarnason, Saevar"]
[Result "0-1"]
[WhiteElo "2160"]
[BlackElo "2305"]
[EventDate "1996.03.02"]
[PlyCount "116"]

1.c4 c5 2.Nf3 g6 3.g3 Bg7 4.Bg2 Nc6 5.O-O e5 6.Nc3 Nge7 7.Rb1 O-O 8.a3 a5 
9.d3 d6 10.Ne1 Be6 11.e4 Nd4 12.Nc2 Nec6 13.Nxd4 cxd4 14.Nd5 Rb8 15.b4 
axb4 16.axb4 f5 17.exf5 Bxf5 18.b5 Na7 19.h4 h6 20.Rb2 Nc8 21.g4 Be6 22.
Be4 Ne7 23.Nxe7+ Qxe7 24.Bxg6 Qxh4 25.f3 d5 26.cxd5 Bxd5 27.Rh2 Qf6 28.Be4
Bxe4 29.fxe4 Qxf1+ 30.Qxf1 Rxf1+ 31.Kxf1 Ra8 32.Bxh6 Ra1+ 33.Ke2 Ra2+ 34.
Bd2 Rb2 35.Kd1 Rxb5 36.Kc2 Rc5+ 37.Kb3 Rb5+ 38.Kc4 Rb2 39.Bf4 Rb6 40.Bg3 
Kf7 41.Rh7 Kg6 42.Rxg7+ Kxg7 43.Bxe5+ Kf7 44.g5 Rc6+ 45.Kd5 Rc2 46.Bxd4 b5
47.Bc5 Rg2 48.Kc6 Rxg5 49.d4 Rg4 50.Kd5 Rg1 51.Kd6 Ke8 52.d5 Rg4 53.e5 b4 
54.e6 b3 55.Kc6 Rc4 56.d6 Rxc5+ 57.Kxc5 b2 58.d7+ Ke7 0-1